Statistics for Middle East Capitals

Click here to take the quiz!

General Stats

  • This quiz has been taken 3,266 times
    (3,261 since last reset)
  • The average score is 16 of 25

Answer Stats

CountryCapital% Correct
IsraelJerusalem
89%
IraqBaghdad
86%
TurkeyAnkara
83%
KuwaitKuwait
82%
IranTehran
82%
SyriaDamascus
81%
AfghanistanKabul
80%
PakistanIslamabad
78%
LebanonBeirut
77%
United Arab EmiratesAbu Dhabi
76%
Saudi ArabiaRiyadh
73%
JordanAmman
71%
QatarDoha
70%
CyprusNicosia
65%
OmanMuscat
62%
YemenSanaa
61%
AzerbaijanBaku
58%
BahrainManama
54%
GeorgiaT'Bilisi
53%
KasakhstanAstana
51%
ArmeniaYerevan
51%
UzbekistanTashkent
46%
KyrgyzstanBishkek
41%
TurkmenistanAshgabat
40%
TajikistanDushanbe
39%

Score Distribution

Percentile by Number Answered

Percent of People with Each Score

Your Score History

You have not taken this quiz since the last reset